00592nam a2200181Ia 4500008004100000020001500041041001200056082001600068100001800084245004000102250000800142260004800150300000800198650001200206942000700218999001500225952017000240221030s9999 xx 000 0 und d a0521658209 aEnglish a105.23bSqu aG. L. Squires 0aPractical Physicscby G. L. Squires a3rd bCambridge University PressaNew Delhic1999 a213 aPhysics cBK c5699d5699 pBE 1407g160.00l0o105.23 Squr2024-06-13 00:00:00w2022-10-30yBK003Print4070aMIETLIBbMIETLIBcBL-Academic Block C, FL-2, CUP-7, SH-6, R-6d2000-04-2810HBE